| 000 | 00573cam a22002053a 4500 | ||
|---|---|---|---|
| 001 | 38111 | ||
| 003 | PGUSA | ||
| 005 | 20140828083834.0 | ||
| 008 | 111123s2011||||xxu|||||s|||||000 | eng d | ||
| 040 |
_aPGUSA _beng |
||
| 042 | _adc | ||
| 100 | 1 |
_aDu Maurier, George, _d1834-1896 |
|
| 245 | 1 | 0 |
_aEnglish Society _h[electronic resource] / _cGeorge Du Maurier |
| 260 |
_bProject Gutenberg, _c2011 |
||
| 506 | _aPublic domain in the USA. | ||
| 516 | _aElectronic text | ||
| 830 | 0 |
_aProject Gutenberg _v38111 |
|
| 856 | 4 | 0 | _uhttp://www.gutenberg.org/ebooks/38111 |
| 942 | _cEB | ||
| 999 |
_c267365 _d267365 |
||